Cartography (Record no. 44279)
[ view plain ]
| 003 - CONTROL NUMBER IDENTIFIER | |
|---|---|
| control field | DLC |
| 005 - DATE AND TIME OF LATEST TRANSACTION | |
| control field | 20260407154959.0 |
| 008 - FIXED-LENGTH DATA ELEMENTS--GENERAL INFORMATION | |
| fixed length control field | 2021s2021 xx 000 0 eng d |
| 020 ## - INTERNATIONAL STANDARD BOOK NUMBER | |
| International Standard Book Number | 9780367507749 |
| 040 ## - CATALOGING SOURCE | |
| Original cataloging agency | DLC |
| Language of cataloging | eng |
| 050 #4 - LIBRARY OF CONGRESS CALL NUMBER | |
| Classification number | GA101 .K73 2021 |
| 100 1# - MAIN ENTRY--PERSONAL NAME | |
| Personal name | Kraak, Menno-Jan |
| Relator term | author. |
| 245 10 - TITLE STATEMENT | |
| Title | Cartography |
| 250 ## - EDITION STATEMENT | |
| Edition statement | 4th ed. |
| 264 #1 - PUBLICATION, DISTRIBUTION, ETC. (IMPRINT) | |
| Name of publisher, distributor, etc | CRC Press LLC |
| Date of publication, distribution, etc | 2021 |
| 300 ## - PHYSICAL DESCRIPTION | |
| Extent | xv, 245p. ill. |
| 336 ## - CONTENT TYPE | |
| Source | CC |
| 338 ## - CARRIER TYPE | |
| Source | CC |
| 600 ## - SUBJECT ADDED ENTRY--PERSONAL NAME | |
| Personal name | Geographic information systems |
| 600 ## - SUBJECT ADDED ENTRY--PERSONAL NAME | |
| Personal name | Map making |
| 650 #0 - SUBJECT ADDED ENTRY--TOPICAL TERM | |
| Topical term or geographic name as entry element | Cartography |
| 942 ## - ADDED ENTRY ELEMENTS (KOHA) | |
| Source of classification or shelving scheme | Library of Congress Classification |
| Koha item type | Books |
| Withdrawn status | Lost status | Source of classification or shelving scheme | Damaged status | Not for loan | Permanent Location | Current Location | Date acquired | Total Checkouts | Full call number | Barcode | Date last seen | Price effective from | Koha item type |
|---|---|---|---|---|---|---|---|---|---|---|---|---|---|
| Library of Congress Classification | NILE UNIVERSITY OF NIGERIA - MAIN LIBRARY | NILE UNIVERSITY OF NIGERIA - MAIN LIBRARY | 04/07/2026 | GA 101 .K73 2021 | 0199642 | 04/07/2026 | 04/07/2026 | Books |